[Event "Skovbo "]
[Site "Borup"]
[Date "2014.09.07"]
[Round "4"]
[White "Moller, Claus"]
[Black "Hein, Jacob"]
[Result "1-0"]
[WhiteElo "1892"]
[BlackElo "1450"]
[PlyCount "39"]
[EventDate "2014.09.05"]
[EventType "swiss"]
[EventRounds "9"]
[EventCountry "DEN"]
[Source "ChessBase"]
[SourceDate "2014.10.17"]

1. e4 Nc6 2. d4 d5 3. e5 a6 4. Nf3 Bg4 5. c3 h6 6. Bd3 Bxf3 7. Qxf3 e6 8. O-O
Be7 9. Be3 Bg5 10. Nd2 Nge7 11. Qg4 Bxe3 12. fxe3 O-O 13. Rf2 Qe8 14. Rb1 Rd8
15. e4 Rd7 16. exd5 Rxd5 17. Ne4 Kh8 18. Nf6 Nxe5 19. Qe4 gxf6 20. Qh7# 1-0

[Event "Skovbo "]
[Site "Borup"]
[Date "2014.09.11"]
[Round "5"]
[White "Akdag, Dara Sevkan"]
[Black "Andersen, Daniel"]
[Result "1-0"]
[WhiteElo "2228"]
[BlackElo "1962"]
[PlyCount "41"]
[EventDate "2014.09.05"]
[EventType "swiss"]
[EventRounds "9"]
[EventCountry "DEN"]
[Source "ChessBase"]
[SourceDate "2014.10.17"]

1. d4 Nf6 2. c4 g6 3. Nc3 d5 4. Bg5 Ne4 5. Bh4 Nxc3 6. bxc3 dxc4 7. e3 Be6 8.
Rb1 Bd5 9. Nf3 Nd7 10. Nd2 f5 11. Bxc4 Nb6 12. Bxd5 Qxd5 13. O-O Bg7 14. c4 Qc6
15. Qb3 Rb8 16. Qa3 Nc8 17. Nb3 Bf6 18. Bxf6 Qxf6 19. Nc5 Qd6 20. Qa4+ Kf7 21.
Nxb7 1-0

[Event "Skovbo "]
[Site "Borup"]
[Date "2014.09.11"]
[Round "5"]
[White "Andersen, Troels Baekgaard"]
[Black "Molvig, Henrik"]
[Result "1/2-1/2"]
[WhiteElo "1919"]
[BlackElo "2152"]
[PlyCount "26"]
[EventDate "2014.09.05"]
[EventType "swiss"]
[EventRounds "9"]
[EventCountry "DEN"]
[Source "ChessBase"]
[SourceDate "2014.10.17"]

1. d4 Nf6 2. Nf3 g6 3. g3 Bg7 4. Bg2 O-O 5. O-O d6 6. Nbd2 Nbd7 7. e4 e5 8. c3
Re8 9. Qc2 h6 10. dxe5 Nxe5 11. Nxe5 Rxe5 12. Nc4 Rh5 13. f3 Rc5 1/2-1/2

[Event "Skovbo "]
[Site "Borup"]
[Date "2014.09.11"]
[Round "5"]
[White "Antonsen, Mikkel"]
[Black "Burmakin, Vladimir"]
[Result "1/2-1/2"]
[WhiteElo "2459"]
[BlackElo "2584"]
[PlyCount "61"]
[EventDate "2014.09.05"]
[EventType "swiss"]
[EventRounds "9"]
[EventCountry "DEN"]
[Source "ChessBase"]
[SourceDate "2014.10.17"]

1. d4 Nf6 2. c4 e6 3. Nc3 d5 4. cxd5 exd5 5. Bg5 c6 6. Qc2 Nbd7 7. e3 Be7 8.
Bd3 h6 9. Bh4 O-O 10. Nf3 Re8 11. O-O Ne4 12. Bxe4 Bxh4 13. Bh7+ Kh8 14. Nxh4
Qxh4 15. Bd3 Qe7 16. Rae1 Nf6 17. f3 Be6 18. Kh1 c5 19. Qf2 Rad8 20. Bb1 a6 21.
dxc5 Qxc5 22. Ne2 Bd7 23. Nd4 Qe7 24. Qd2 Rc8 25. Re2 Rc5 26. Kg1 Bb5 27. Nxb5
Rxb5 28. Rd1 Rc5 29. Ree1 Kg8 30. Qd3 Rc6 31. Qd4 1/2-1/2

[Event "Skovbo "]
[Site "Borup"]
[Date "2014.09.11"]
[Round "5"]
[White "Brondal, Paul"]
[Black "Rosenkilde, Alexander"]
[Result "0-1"]
[WhiteElo "2052"]
[BlackElo "2228"]
[PlyCount "114"]
[EventDate "2014.09.05"]
[EventType "swiss"]
[EventRounds "9"]
[EventCountry "DEN"]
[Source "ChessBase"]
[SourceDate "2014.10.17"]

1. e4 c5 2. Nf3 Nc6 3. d4 cxd4 4. Nxd4 Nf6 5. Nc3 e5 6. Ndb5 d6 7. Bg5 a6 8.
Na3 b5 9. Nd5 Be7 10. Bxf6 Bxf6 11. c4 b4 12. Nc2 Rb8 13. b3 Bg5 14. g3 O-O 15.
Bg2 Be6 16. O-O Bxd5 17. Qxd5 Qb6 18. Kh1 Rfd8 19. f4 Bf6 20. Rad1 a5 21. Qd3
Qc5 22. Ne3 g6 23. Nd5 Bg7 24. Qe3 a4 25. f5 Qxe3 26. Nxe3 axb3 27. axb3 Nd4
28. Rd3 Ra8 29. Nd5 Rdb8 30. fxg6 fxg6 31. Nc7 Ra3 32. Nb5 Rxb3 33. Rxb3 Nxb3
34. Rb1 Nd2 35. Rxb4 Bh6 36. Ra4 Be3 37. h4 Bc5 38. Ra6 Nxc4 39. Bf1 Nd2 40.
Bd3 Nxe4 41. Bxe4 Rxb5 42. Ra8+ Kg7 43. Rd8 Rb4 44. Bc6 e4 45. Re8 Rb1+ 46. Kh2
Rb2+ 47. Kh3 e3 48. Kg4 Rf2 49. Kg5 h6+ 50. Kg4 Bd4 51. Re7+ Kf6 52. Re4 h5+
53. Kh3 Rd2 54. g4 Be5 55. g5+ Kf5 56. Bd7+ Kxe4 57. Bf5+ gxf5 0-1

[Event "Skovbo "]
[Site "Borup"]
[Date "2014.09.11"]
[Round "5"]
[White "Danielsen, Henrik"]
[Black "Carstensen, Jacob"]
[Result "1-0"]
[WhiteElo "2488"]
[BlackElo "2360"]
[PlyCount "65"]
[EventDate "2014.09.05"]
[EventType "swiss"]
[EventRounds "9"]
[EventCountry "DEN"]
[Source "ChessBase"]
[SourceDate "2014.10.17"]

1. e4 c5 2. d3 Nc6 3. g3 d5 4. Bg2 dxe4 5. dxe4 Qxd1+ 6. Kxd1 Nf6 7. f3 b6 8.
Be3 Ba6 9. Nh3 O-O-O+ 10. Nd2 h6 11. Bf1 Bxf1 12. Rxf1 g5 13. Nf2 Bg7 14. c3 e6
15. Ke2 Ne8 16. f4 Nd6 17. fxg5 hxg5 18. Bxg5 f6 19. Bh4 Ne5 20. Rad1 Ndf7 21.
b3 Rh6 22. Nf3 Rxd1 23. Rxd1 Rh5 24. g4 Nxf3 25. Bg3 Rh8 26. Kxf3 f5 27. exf5
exf5 28. gxf5 Rh5 29. Rd5 Bxc3 30. Ne4 Bd4 31. h4 Rh8 32. Nd6+ Nxd6 33. Rxd6
1-0

[Event "Skovbo "]
[Site "Borup"]
[Date "2014.09.11"]
[Round "5"]
[White "Frisk, Ellinor"]
[Black "Bekker Jensen, Simon"]
[Result "0-1"]
[WhiteElo "2302"]
[BlackElo "2442"]
[PlyCount "132"]
[EventDate "2014.09.05"]
[EventType "swiss"]
[EventRounds "9"]
[EventCountry "DEN"]
[Source "ChessBase"]
[SourceDate "2014.10.17"]

1. Nf3 d5 2. c4 e6 3. g3 dxc4 4. Qa4+ Nd7 5. Qxc4 a6 6. Bg2 b5 7. Qc2 Bb7 8.
O-O Ngf6 9. a4 c5 10. axb5 axb5 11. Rxa8 Qxa8 12. Na3 Bc6 13. d3 Be7 14. Bd2
O-O 15. Rc1 Rc8 16. Ne1 Nd5 17. Qb1 Bf6 18. Nac2 Qa4 19. e4 N5b6 20. Ne3 Qb3
21. Bc3 Be7 22. Nf3 Na4 23. Nd2 Nxc3 24. Rxc3 Qb4 25. Qc1 Bf6 26. Rb3 Qa5 27.
Ra3 Qc7 28. Nf3 h5 29. h4 Ne5 30. Nxe5 Qxe5 31. b3 Qd4 32. Qc2 Be5 33. Qe2 Qc3
34. Ra7 g6 35. Qf3 Rc7 36. Rxc7 Bxc7 37. Qd1 Be5 38. Bf1 Bd4 39. Qc2 Qe1 40.
Qe2 Qxe2 41. Bxe2 f5 42. exf5 exf5 43. Ng2 Bd5 44. Bd1 Kg7 45. Nf4 Bf7 46. Kf1
Kf6 47. Nh3 Ke5 48. Ke2 Bb2 49. Kd2 Kd6 50. Kc2 Bd4 51. Kd2 Kc6 52. f3 Be5 53.
Nf4 Kb6 54. Ne2 Ka5 55. f4 Bf6 56. Nc1 Kb4 57. Bf3 Bc3+ 58. Ke2 Bb2 59. Kd2
Bxc1+ 60. Kxc1 Kxb3 61. Bc6 b4 62. Kd2 Ka2 63. Ba4 b3 64. d4 b2 65. Bc2 Bb3 66.
Bd3 c4 0-1

[Event "Skovbo "]
[Site "Borup"]
[Date "2014.09.11"]
[Round "5"]
[White "Hagerup, Per"]
[Black "Borg, Flemming"]
[Result "0-1"]
[WhiteElo "1664"]
[BlackElo "1842"]
[PlyCount "34"]
[EventDate "2014.09.05"]
[EventType "swiss"]
[EventRounds "9"]
[EventCountry "DEN"]
[Source "ChessBase"]
[SourceDate "2014.10.17"]

1. e4 Nf6 2. Nc3 e5 3. Nf3 d6 4. h3 g6 5. d4 exd4 6. Nxd4 Bg7 7. Be2 O-O 8. Be3
Re8 9. Bf3 Nbd7 10. Qd2 Nc5 11. Bg5 Ncxe4 12. Nxe4 Nxe4 13. Bxe4 Rxe4+ 14. Kf1
Rxd4 15. Qxd4 Qxg5 16. Qc4 Bxb2 17. Re1 Be6 0-1

[Event "Skovbo "]
[Site "Borup"]
[Date "2014.09.11"]
[Round "5"]
[White "Hein, Jacob"]
[Black "Jorgensen, Orla Eilegaard"]
[Result "0-1"]
[WhiteElo "1450"]
[BlackElo "1568"]
[PlyCount "92"]
[EventDate "2014.09.05"]
[EventType "swiss"]
[EventRounds "9"]
[EventCountry "DEN"]
[Source "ChessBase"]
[SourceDate "2014.10.17"]

1. d4 d5 2. Nf3 Nf6 3. h3 e6 4. Nbd2 Nbd7 5. Ne5 c5 6. e3 cxd4 7. exd4 Bd6 8.
Ndf3 h6 9. Bf4 a6 10. Nxf7 Bb4+ 11. c3 Bxc3+ 12. bxc3 Kxf7 13. Bd3 g5 14. Bd6
Qb6 15. Ba3 Qc7 16. Qc2 Ne4 17. c4 Qa5+ 18. Nd2 Nxd2 19. Bg6+ Kg7 20. Bh5 Ne4+
21. Kf1 Qxa3 22. Kg1 Ndf6 23. Bf3 Qc3 24. Qxc3 Nxc3 25. cxd5 Nfxd5 26. a4 a5
27. h4 Bd7 28. Bxd5 Nxd5 29. hxg5 hxg5 30. Rxh8 Rxh8 31. Ra3 Rh4 32. Rg3 Kg6
33. Rd3 Bxa4 34. g3 Re4 35. f3 Re3 36. Rxe3 Nxe3 37. Kf2 Nf5 38. d5 exd5 39. g4
Nd6 40. Ke3 Bc6 41. Kd4 a4 42. Kc3 a3 43. Kc2 b5 44. Kb1 b4 45. Ka2 d4 46. f4
gxf4 0-1

[Event "Skovbo "]
[Site "Borup"]
[Date "2014.09.11"]
[Round "5"]
[White "Henriksen, Kasper"]
[Black "Kokholm, Daniel"]
[Result "1-0"]
[WhiteElo "1979"]
[BlackElo "1915"]
[PlyCount "71"]
[EventDate "2014.09.05"]
[EventType "swiss"]
[EventRounds "9"]
[EventCountry "DEN"]
[Source "ChessBase"]
[SourceDate "2014.10.17"]

1. d4 Nf6 2. c4 Nc6 3. Nf3 e6 4. a3 d6 5. Nc3 g6 6. e4 Bg7 7. Be2 e5 8. d5 Nb8
9. O-O O-O 10. b4 a5 11. Rb1 axb4 12. axb4 b6 13. Ne1 Ne8 14. Be3 f5 15. f3 f4
16. Bf2 Nd7 17. Nd3 g5 18. Qb3 h5 19. Ra1 Rb8 20. Ra7 Ndf6 21. Qa3 Bh6 22. c5
bxc5 23. bxc5 g4 24. Kh1 Nh7 25. Nb4 Bd7 26. cxd6 cxd6 27. Nc6 Bxc6 28. dxc6
Nhf6 29. Bh4 Qb6 30. Qa2+ Kh8 31. Rb1 Qxc6 32. Rxb8 Qxc3 33. Qa1 Qxa1+ 34. Rxa1
Nd7 35. Rxe8 Rxe8 36. Bb5 1-0

[Event "Skovbo "]
[Site "Borup"]
[Date "2014.09.11"]
[Round "5"]
[White "Jepson, Christian"]
[Black "Brinck Claussen, Bjorn"]
[Result "1-0"]
[WhiteElo "2406"]
[BlackElo "2234"]
[PlyCount "57"]
[EventDate "2014.09.05"]
[EventType "swiss"]
[EventRounds "9"]
[EventCountry "DEN"]
[Source "ChessBase"]
[SourceDate "2014.10.17"]

1. d4 Nf6 2. c4 e6 3. Nc3 Bb4 4. e3 O-O 5. Bd3 d5 6. Nf3 c5 7. O-O Nc6 8. a3
Bxc3 9. bxc3 Qc7 10. cxd5 exd5 11. a4 Re8 12. Ba3 c4 13. Bc2 Qa5 14. Qc1 Ne4
15. Bxe4 Rxe4 16. Nd2 Re8 17. e4 dxe4 18. Nxc4 Qh5 19. Qf4 Re6 20. Rfe1 Bd7 21.
Rxe4 Rxe4 22. Qxe4 Re8 23. Qf3 Bg4 24. Qg3 Bd1 25. Ne3 Bxa4 26. d5 Nd8 27. Bc5
f5 28. Bd4 g6 29. Qd6 1-0

[Event "Skovbo "]
[Site "Borup"]
[Date "2014.09.11"]
[Round "5"]
[White "Johansson, Alexander"]
[Black "Moller, Claus"]
[Result "1-0"]
[WhiteElo "2083"]
[BlackElo "1892"]
[PlyCount "55"]
[EventDate "2014.09.05"]
[EventType "swiss"]
[EventRounds "9"]
[EventCountry "DEN"]
[Source "ChessBase"]
[SourceDate "2014.10.17"]

1. d4 c6 2. e4 d5 3. exd5 cxd5 4. c4 Nf6 5. Nc3 e6 6. Nf3 Bd6 7. cxd5 exd5 8.
Bb5+ Bd7 9. Bd3 O-O 10. O-O h6 11. Ne5 Be6 12. Re1 Nbd7 13. Bf4 Bxe5 14. dxe5
Ne8 15. Bc2 Qh4 16. Qd3 g6 17. Bg3 Qc4 18. Qd2 Kg7 19. Bb3 Qc5 20. Nxd5 Nb6 21.
Nf4 Bxb3 22. axb3 Nc7 23. Rac1 Qe7 24. e6 Rac8 25. exf7 Qxf7 26. Rxc7 Rxc7 27.
Ne6+ Kh7 28. Nxf8+ 1-0

[Event "Skovbo "]
[Site "Borup"]
[Date "2014.09.11"]
[Round "5"]
[White "Kjaergaard Jensen, Jesper"]
[Black "Molvig, Julius"]
[Result "1-0"]
[WhiteElo "2151"]
[BlackElo "1913"]
[PlyCount "85"]
[EventDate "2014.09.05"]
[EventType "swiss"]
[EventRounds "9"]
[EventCountry "DEN"]
[Source "ChessBase"]
[SourceDate "2014.10.17"]

1. d4 Nf6 2. Nf3 g6 3. c3 Bg7 4. Bg5 O-O 5. Nbd2 d6 6. e4 c5 7. dxc5 dxc5 8.
Bc4 Nc6 9. Qe2 Ng4 10. Rd1 Qc7 11. h4 h5 12. g3 Nge5 13. Qe3 Bg4 14. Be2 Qb6
15. Nxe5 Nxe5 16. f3 Be6 17. Bxe7 Rfe8 18. Bxc5 Qxb2 19. Rb1 Qxa2 20. Rxb7 Nc4
21. Bxc4 Bxc4 22. Kf2 Rad8 23. Bd4 Bxd4 24. cxd4 Re6 25. Rhb1 a5 26. Qc3 Rc6
27. Ra1 Ba6 28. Rxa2 Rxc3 29. Ra7 Bd3 30. d5 f5 31. R7xa5 fxe4 32. fxe4 Rf8+
33. Kg2 Rc1 34. Ra8 Rxa8 35. Rxa8+ Kf7 36. Ra3 Bb5 37. Kf2 Kf6 38. Ke3 Rg1 39.
Kf4 Rg2 40. Nf3 Bc4 41. Ra7 g5+ 42. hxg5+ Kg6 43. Ne5# 1-0

[Event "Skovbo "]
[Site "Borup"]
[Date "2014.09.11"]
[Round "5"]
[White "Kristensen, Bjarke Hautop"]
[Black "Eriksson, Christian Altenburg"]
[Result "0-1"]
[WhiteElo "1936"]
[BlackElo "2130"]
[PlyCount "78"]
[EventDate "2014.09.05"]
[EventType "swiss"]
[EventRounds "9"]
[EventCountry "DEN"]
[Source "ChessBase"]
[SourceDate "2014.10.17"]

1. d4 Nf6 2. c4 e6 3. Nc3 Bb4 4. e3 O-O 5. Nge2 d5 6. a3 Be7 7. Nf4 b6 8. Bd3
Ba6 9. b3 c6 10. Bb2 Bd6 11. cxd5 Bxf4 12. exf4 Bxd3 13. Qxd3 Nxd5 14. Nxd5
Qxd5 15. O-O Rd8 16. Rad1 Nd7 17. Qc4 Nf6 18. Rfe1 Qxc4 19. bxc4 b5 20. d5 exd5
21. Bxf6 gxf6 22. cxd5 Rxd5 23. Rxd5 cxd5 24. Re7 Rc8 25. Kf1 a5 26. Ra7 a4 27.
Rb7 Rc5 28. Ke2 Rc2+ 29. Ke3 Rc3+ 30. Ke2 Rb3 31. f5 h5 32. h4 d4 33. g3 Rb2+
34. Kd3 Rxf2 35. Rxb5 Rf3+ 36. Kxd4 Rxg3 37. Rb4 Rxa3 38. Kc4 Rh3 39. Kb5 a3
0-1

[Event "Skovbo "]
[Site "Borup"]
[Date "2014.09.11"]
[Round "5"]
[White "Madsen, Michael Ole"]
[Black "Knudsen, Jes West"]
[Result "1/2-1/2"]
[WhiteElo "2077"]
[BlackElo "1917"]
[PlyCount "48"]
[EventDate "2014.09.05"]
[EventType "swiss"]
[EventRounds "9"]
[EventCountry "DEN"]
[Source "ChessBase"]
[SourceDate "2014.10.17"]

1. d4 f5 2. g3 Nf6 3. Bg2 Nc6 4. Nf3 d6 5. O-O g6 6. b3 Bg7 7. Bb2 e6 8. c4 O-O
9. Nc3 Ne4 10. e3 Nxc3 11. Bxc3 e5 12. dxe5 dxe5 13. Qd5+ Kh8 14. Rad1 Qe7 15.
Qd2 Be6 16. Qb2 Bg8 17. Rd2 Rad8 18. Rfd1 Rxd2 19. Rxd2 g5 20. Qa1 h6 21. h4 g4
22. Ne1 e4 23. Bxg7+ Qxg7 24. Qxg7+ Kxg7 1/2-1/2

[Event "Skovbo "]
[Site "Borup"]
[Date "2014.09.11"]
[Round "5"]
[White "Okhotnik, Vladimir"]
[Black "Percivaldi, Martin"]
[Result "1/2-1/2"]
[WhiteElo "2391"]
[BlackElo "2327"]
[PlyCount "114"]
[EventDate "2014.09.05"]
[EventType "swiss"]
[EventRounds "9"]
[EventCountry "DEN"]
[Source "ChessBase"]
[SourceDate "2014.10.17"]

1. e4 e5 2. Nf3 Nc6 3. Bc4 Bc5 4. d3 Nf6 5. Nc3 d6 6. Be3 Bb6 7. a4 Bg4 8. h3
Bxf3 9. Qxf3 Nd4 10. Qd1 c6 11. O-O O-O 12. Bg5 Qe7 13. a5 Bc7 14. f4 h6 15.
fxe5 hxg5 16. exf6 gxf6 17. Bd5 Qe5 18. Ra4 b5 19. axb6 axb6 20. Qh5 cxd5 21.
Nxd5 Rxa4 22. Nxf6+ Qxf6 23. Rxf6 Ne6 24. Rxe6 Ra1+ 25. Kh2 fxe6 26. Qg6+ Kh8
27. Qh6+ Kg8 28. Qg6+ Kh8 29. Qxe6 Kg7 30. Qe7+ Rf7 31. Qxg5+ Kf8 32. d4 Ra5
33. Qg4 Ra8 34. h4 Ke7 35. Qg5+ Kd7 36. Qb5+ Ke7 37. Qc6 Rc8 38. Kh3 Kf8 39. g3
Re8 40. h5 Re6 41. Qa8+ Kg7 42. Qd5 Rfe7 43. Qg5+ Kh7 44. e5 Re8 45. Qf5+ Kg7
46. d5 Rxe5 47. h6+ Kxh6 48. Qf6+ Kh7 49. Qf7+ Kh8 50. Qxc7 Rxd5 51. Qxb6 Ree5
52. c4 Rd3 53. b4 Ree3 54. Qd8+ Kg7 55. Qg5+ Kf7 56. b5 Ke6 57. b6 Rxg3+
1/2-1/2

[Event "Skovbo "]
[Site "Borup"]
[Date "2014.09.11"]
[Round "5"]
[White "Pedersen, Henrik Dahl"]
[Black "Ahlander, Bjorn"]
[Result "0-1"]
[WhiteElo "2188"]
[BlackElo "2385"]
[PlyCount "48"]
[EventDate "2014.09.05"]
[EventType "swiss"]
[EventRounds "9"]
[EventCountry "DEN"]
[Source "ChessBase"]
[SourceDate "2014.10.17"]

1. d4 Nf6 2. c4 e6 3. Nc3 Bb4 4. g3 c5 5. a3 Bxc3+ 6. bxc3 Qa5 7. Bd2 Ne4 8.
Qc2 Nxd2 9. Qxd2 Nc6 10. Nf3 cxd4 11. cxd4 Qxd2+ 12. Kxd2 Na5 13. Kc3 b6 14.
Nd2 Ba6 15. e3 Rc8 16. Rc1 Ke7 17. Kb4 Rc7 18. c5 Bb7 19. Rg1 Rhc8 20. Be2 Bd5
21. Ba6 Rb8 22. cxb6 Nc6+ 23. Ka4 axb6 24. e4 b5+ 0-1

[Event "Skovbo "]
[Site "Borup"]
[Date "2014.09.11"]
[Round "5"]
[White "Schmidt, Horst Hubert"]
[Black "Skjoldager, Flemming"]
[Result "0-1"]
[WhiteElo "1754"]
[BlackElo "1876"]
[PlyCount "78"]
[EventDate "2014.09.05"]
[EventType "swiss"]
[EventRounds "9"]
[EventCountry "DEN"]
[Source "ChessBase"]
[SourceDate "2014.10.17"]

1. d4 Nf6 2. Nf3 e6 3. e3 b6 4. Be2 Bb7 5. O-O Be7 6. c4 O-O 7. Nc3 d5 8. cxd5
exd5 9. Qc2 Nbd7 10. Bd2 c5 11. Rfd1 Rc8 12. Qa4 a6 13. a3 b5 14. Qb3 Qc7 15.
Rac1 c4 16. Qa2 Rfe8 17. b3 Qd6 18. b4 h6 19. a4 Ne4 20. axb5 Nxc3 21. Rxc3
axb5 22. Ra3 Ra8 23. Ra1 Rxa3 24. Qxa3 Ra8 25. Qb2 Qb8 26. Ra3 Bc6 27. Bc3 Bd6
28. h3 Nb6 29. Ne1 Qf8 30. Nc2 Rxa3 31. Qxa3 Na4 32. Bf3 Nxc3 33. Qxc3 Qa8 34.
Kf1 Qa2 35. Ke1 Qb1+ 36. Bd1 Bd7 37. Qa3 Bf5 38. Kd2 Bxc2 39. Bxc2 Bxb4+ 0-1

[Event "Skovbo "]
[Site "Borup"]
[Date "2014.09.11"]
[Round "5"]
[White "Semcesen, Daniel"]
[Black "Hoi, Carsten"]
[Result "1-0"]
[WhiteElo "2472"]
[BlackElo "2399"]
[PlyCount "157"]
[EventDate "2014.09.05"]
[EventType "swiss"]
[EventRounds "9"]
[EventCountry "DEN"]
[Source "ChessBase"]
[SourceDate "2014.10.17"]

1. c4 e5 2. Nc3 Nc6 3. Nf3 f5 4. d4 e4 5. Ng1 Nf6 6. Bg5 h6 7. Bxf6 Qxf6 8. e3
Bb4 9. Nge2 O-O 10. a3 Bxc3+ 11. Nxc3 Ne7 12. Be2 c6 13. Qb3 Kh8 14. g3 d6 15.
h4 Rb8 16. h5 Be6 17. a4 d5 18. cxd5 Nxd5 19. Nxd5 Bxd5 20. Bc4 Rfd8 21. Kf1
Bxc4+ 22. Qxc4 Rd5 23. Rc1 Rbd8 24. b4 a6 25. Kg2 Qd6 26. Rc2 Qd7 27. Qe2 Qf7
28. Rc5 Kg8 29. Rh4 Qe6 30. a5 R8d7 31. Rf4 Kh7 32. Kg1 Qf6 33. Qf1 Rxc5 34.
bxc5 Rd5 35. Qh3 Qg5 36. Kf1 Kh8 37. Kg1 Kh7 38. Kg2 Kh8 39. g4 fxg4 40. Qxg4
Qd8 41. Qe6 Rxh5 42. Qxe4 Rg5+ 43. Kf1 Rd5 44. Qg6 Rd7 45. Re4 Re7 46. Qd6 Rd7
47. Qe6 Rc7 48. Re5 Rc8 49. Qf7 Qxa5 50. Re7 Rg8 51. Rxb7 Qa1+ 52. Kg2 Qd1 53.
Qf3 Qd3 54. Qxc6 Rf8 55. Rf7 Rxf7 56. Qe8+ Kh7 57. Qxf7 Qe4+ 58. Qf3 Qg6+ 59.
Kh2 a5 60. c6 a4 61. Qd5 Qg4 62. f3 Qh4+ 63. Kg2 Qe7 64. Qc5 Qxc5 65. dxc5 a3
66. c7 a2 67. c8=Q a1=Q 68. Qf5+ Kh8 69. c6 Qb2+ 70. Kg3 Qc3 71. Qe4 Qe1+ 72.
Kg4 Qg1+ 73. Kf5 Qg5+ 74. Ke6 Qd8 75. Qe5 Qc8+ 76. Kf7 Qg8+ 77. Ke7 Qa8 78. c7
Qa3+ 79. Kd8 1-0

[Event "Skovbo "]
[Site "Borup"]
[Date "2014.09.11"]
[Round "5"]
[White "Severinsen, Frank"]
[Black "Simonsen, Per"]
[Result "1-0"]
[WhiteElo "1801"]
[BlackElo "1869"]
[PlyCount "93"]
[EventDate "2014.09.05"]
[EventType "swiss"]
[EventRounds "9"]
[EventCountry "DEN"]
[Source "ChessBase"]
[SourceDate "2014.10.17"]

1. e4 e6 2. d4 d5 3. Nd2 c5 4. Ngf3 Nc6 5. Bb5 a6 6. exd5 axb5 7. dxc6 bxc6 8.
dxc5 Bxc5 9. O-O Nf6 10. Qe2 O-O 11. Nb3 Be7 12. Be3 Nd5 13. Rad1 Qc7 14. Bd4
c5 15. Be5 Qc6 16. a3 Ba6 17. Qe4 f5 18. Qe1 b4 19. axb4 Nxb4 20. Qc3 Nd5 21.
Qd2 Bxf1 22. Kxf1 Qb5+ 23. Kg1 Rad8 24. Qe1 Nb4 25. Rxd8 Bxd8 26. Bd6 Re8 27.
Bxc5 Nxc2 28. Qc3 Qe2 29. h4 Bf6 30. Qa5 Rd8 31. Qb6 Rd1+ 32. Kh2 Ne1 33. Nbd4
Nxf3+ 34. Nxf3 h6 35. b4 Qe4 36. Qb8+ Kh7 37. h5 Qc6 38. Qg3 Qe8 39. Qh3 Rb1
40. g3 Qc6 41. Qg2 Qc7 42. Nd2 Rc1 43. Qf3 Qd7 44. Be3 Rc2 45. Ne4 Be5 46. Nc5
Rc3 47. Nxd7 1-0

[Event "Skovbo "]
[Site "Borup"]
[Date "2014.09.11"]
[Round "5"]
[White "Skytte, Rasmus"]
[Black "Sylvan, Jacob"]
[Result "1/2-1/2"]
[WhiteElo "2430"]
[BlackElo "2336"]
[PlyCount "64"]
[EventDate "2014.09.05"]
[EventType "swiss"]
[EventRounds "9"]
[EventCountry "DEN"]
[Source "ChessBase"]
[SourceDate "2014.10.17"]

1. e4 c5 2. Nf3 g6 3. d4 Bg7 4. dxc5 Qa5+ 5. Bd2 Qxc5 6. Nc3 Nf6 7. b4 Qb6 8.
Be2 O-O 9. O-O d6 10. Rb1 Nbd7 11. Nd5 Nxd5 12. exd5 Nf6 13. Be3 Qc7 14. c4 Ne4
15. Bd4 Nc3 16. Bxc3 Bxc3 17. Nd4 Qb6 18. Nb5 Bg7 19. a4 a5 20. c5 dxc5 21.
bxc5 Qxc5 22. Qd2 Bf5 23. Rfc1 Qb6 24. Bd3 Bxd3 25. Qxd3 Rac8 26. g3 Rfd8 27.
Rxc8 Rxc8 28. d6 exd6 29. Nxd6 Qd8 30. Rxb7 Rc7 31. Rxc7 Qxc7 32. Nb5 Qc1+
1/2-1/2

[Event "Skovbo "]
[Site "Borup"]
[Date "2014.09.11"]
[Round "5"]
[White "Sorensen, Bernhard W"]
[Black "Pawlak, Wojciech Zbignew"]
[Result "0-1"]
[WhiteElo "1684"]
[BlackElo "1705"]
[PlyCount "128"]
[EventDate "2014.09.05"]
[EventType "swiss"]
[EventRounds "9"]
[EventCountry "DEN"]
[Source "ChessBase"]
[SourceDate "2014.10.17"]

1. e4 c5 2. Nf3 d6 3. d4 cxd4 4. Nxd4 Nf6 5. Nc3 a6 6. f3 e5 7. Nb3 Be6 8. Be3
h5 9. Qd2 Nbd7 10. Be2 Be7 11. O-O Rc8 12. Rad1 b5 13. a3 Qc7 14. Nc1 Nb6 15.
Bxb6 Qxb6+ 16. Kh1 h4 17. Nd3 Nh5 18. Rf2 g5 19. h3 Nf4 20. Bf1 Nxd3 21. Bxd3
O-O 22. Nd5 Bxd5 23. exd5 f5 24. b3 Qd4 25. c4 bxc4 26. Bxc4 Qxd2 27. Rdxd2 a5
28. Rde2 Kg7 29. Kh2 a4 30. Rc2 axb3 31. Bxb3 Kf6 32. Ba4 Ra8 33. Bc6 Rxa3 34.
Rce2 Bd8 35. Rb2 Ba5 36. Rf1 Bc3 37. Rbb1 Bd4 38. Rbd1 Rb8 39. Rc1 Rb2 40. Ra1
Raa2 41. Rxa2 Rxa2 42. Kh1 Ra1 43. Rxa1 Bxa1 44. Kg1 e4 45. fxe4 fxe4 46. Kf2
Ke5 47. g3 Bd4+ 48. Kg2 e3 49. Bb5 Kxd5 50. Kf3 hxg3 51. Kxg3 Ke4 52. Be2 Be5+
53. Kg4 Bf4 54. h4 gxh4 55. Kxh4 d5 56. Kh3 d4 57. Kg2 d3 58. Bf3+ Kd4 59. Kf1
Kc3 60. Ke1 Kc2 61. Bd1+ Kc1 62. Bf3 d2+ 63. Kf1 d1=Q+ 64. Bxd1 Kxd1 0-1

[Event "Skovbo "]
[Site "Borup"]
[Date "2014.09.11"]
[Round "5"]
[White "Sorensen, Lindved"]
[Black "Petersen, Henry"]
[Result "1-0"]
[WhiteElo "1728"]
[BlackElo "1455"]
[PlyCount "63"]
[EventDate "2014.09.05"]
[EventType "swiss"]
[EventRounds "9"]
[EventCountry "DEN"]
[Source "ChessBase"]
[SourceDate "2014.10.17"]

1. Nf3 d5 2. c4 e6 3. b3 Nf6 4. g3 b6 5. Bg2 Bb7 6. O-O c5 7. Bb2 Be7 8. d3 d4
9. a3 Nc6 10. Ne5 Nxe5 11. Bxb7 Rb8 12. Bg2 Qc7 13. b4 a6 14. f4 Nc6 15. b5
axb5 16. cxb5 Na5 17. Nd2 O-O 18. Rc1 Qd7 19. Qa4 Nd5 20. Rf3 Rfc8 21. Nc4 Nxc4
22. dxc4 Nf6 23. Rd3 Ra8 24. Bxa8 Rc7 25. Bf3 Ra7 26. Qd1 Ra5 27. e3 Ne8 28.
exd4 Qa7 29. Bc6 Nc7 30. Kg2 Bf6 31. dxc5 bxc5 32. Rd8+ 1-0

[Event "Skovbo "]
[Site "Borup"]
[Date "2014.09.11"]
[Round "5"]
[White "Stojanovski, Sandi"]
[Black "Jacobsen, Mikkel Manosri"]
[Result "1/2-1/2"]
[WhiteElo "2174"]
[BlackElo "1886"]
[PlyCount "41"]
[EventDate "2014.09.05"]
[EventType "swiss"]
[EventRounds "9"]
[EventCountry "DEN"]
[Source "ChessBase"]
[SourceDate "2014.10.17"]

1. Nf3 Nf6 2. c4 c6 3. e3 d5 4. Qc2 e6 5. b3 Bd6 6. Nc3 Nbd7 7. Bb2 O-O 8. g4
Nxg4 9. Rg1 Nde5 10. Nxe5 Nxe5 11. Be2 Qh4 12. O-O-O f5 13. f4 Ng4 14. Bxg4
fxg4 15. Ne2 Rf7 16. Rg2 Re7 17. c5 Bc7 18. Be5 b6 19. Rdg1 h5 20. Qg6 Bd7 21.
Qc2 1/2-1/2

[Event "Skovbo "]
[Site "Borup"]
[Date "2014.09.11"]
[Round "5"]
[White "Stuhr, Peter Sebastian"]
[Black "Pedersen, Hans Dahl"]
[Result "0-1"]
[WhiteElo "1942"]
[BlackElo "2178"]
[PlyCount "70"]
[EventDate "2014.09.05"]
[EventType "swiss"]
[EventRounds "9"]
[EventCountry "DEN"]
[Source "ChessBase"]
[SourceDate "2014.10.17"]

1. e4 c6 2. Bc4 d5 3. Bb3 dxe4 4. Qh5 e6 5. f3 Nf6 6. Qh4 Nbd7 7. Nc3 Be7 8.
fxe4 Nc5 9. Qf4 e5 10. Qxe5 Nxb3 11. axb3 Ng4 12. Qf4 Bd6 13. Qf3 Nxh2 14. Qf2
Ng4 15. Qf3 Bc5 16. Nh3 Qh4+ 17. g3 Qe7 18. Ne2 Ne5 19. Qf4 g5 20. Qf1 Bxh3 21.
Qxh3 g4 22. Qh5 O-O-O 23. Qf5+ Qe6 24. Qxe6+ fxe6 25. Nf4 Nf3+ 26. Ke2 Rde8 27.
Rh6 e5 28. Nd3 Nd4+ 29. Kd1 Rhf8 30. Rh1 Bb6 31. b4 Rf3 32. Ne1 Rxg3 33. c3 Nf3
34. Nxf3 gxf3 35. Rxh7 Rg1+ 0-1